|
|
|
|
| LEADER |
01032nam a2200265 a 4500 |
| 001 |
c000020469 |
| 003 |
CARM |
| 005 |
19920630000000.0 |
| 008 |
911021s1992 nyua b 001 0 eng |
| 019 |
1 |
|
|a 8637865
|5 LACONCORD2021
|
| 020 |
|
|
|a 0824785975 (acid-free paper)
|
| 035 |
|
|
|a (OCoLC)24796961
|5 LACONCORD2021
|
| 040 |
|
|
|a LC
|b eng
|c LC
|d LC
|
| 050 |
0 |
0 |
|a QD75.4.S8
|b P73 1992
|
| 082 |
0 |
0 |
|a 543/.0072
|2 20
|
| 245 |
0 |
0 |
|a Practical guide to chemometrics /
|c [edited by] Stephen J. Haswell.
|
| 260 |
|
|
|a New York :
|b Dekker,
|c c1992.
|
| 300 |
|
|
|a ix, 324 p. :
|b ill. ;
|c 24 cm.
|
| 504 |
|
|
|a Includes bibliographical references and index.
|
| 650 |
|
0 |
|a Chemistry, Analytic
|x Statistical methods.
|
| 650 |
|
0 |
|a Chemistry, Analytic
|x Mathematics.
|
| 700 |
1 |
|
|a Haswell, S. J.
|q (Stephen John),
|d 1954-
|
| 852 |
8 |
|
|b CARM
|h A2:AE21F0
|i C00251
|p 0012342
|f BK
|
| 999 |
f |
f |
|i ff5dbdf5-8e09-5110-853e-3c03fbb46859
|s 38b52109-f33e-57e9-ae79-57bd16906444
|
| 952 |
f |
f |
|p Can circulate
|a CAVAL
|b CAVAL
|c CAVAL
|d CARM 1 Store
|e C00251
|f A2:AE21F0
|h Other scheme
|i book
|m 0012342
|